El príncipe feliz y otros cuentos /

En este libro se encuentran cuatro de los más famosos cuentos de Oscar Wilde. En todos ellos se pueden hallar algunos de los temas que más preocuparon al autor: la amistado, el amor desinteresado, la generosidad y, también el egoísmo, el abuso y el desamor.

Guardado en:
Autor Principal: Wilde, Oscar
Otros Autores: Basch, Adela, pról., Lancman Ink; il.
Formato: Libro
Publicado: Buenos Aires, Santillana. 2001 :
Series:Leer es genial. Iguales y diferentes
Materias:
Etiquetas: Agregar Etiqueta
Sin Etiquetas, Sea el primero en etiquetar este registro!
LEADER 01201nam a22002655a 4500
001 CEM.cems011197
008 130507b2001##################000#0#####d
005 20230417160916.0
245 1 0 |a El príncipe feliz y otros cuentos /  |c Oscar Wilde ; ilustraciones de Lancman Ink ; prólogo de Adela Basch 
260 |a Buenos Aires,  |c 2001 :  |b Santillana. 
300 |a 104 p. 
490 0 |a Leer es genial. Iguales y diferentes 
505 0 |a El gigante egoísta -- El Niño-estrella -- El amigo fiel -- El príncipe feliz 
520 |a En este libro se encuentran cuatro de los más famosos cuentos de Oscar Wilde. En todos ellos se pueden hallar algunos de los temas que más preocuparon al autor: la amistado, el amor desinteresado, la generosidad y, también el egoísmo, el abuso y el desamor. 
020 |a 9504609767 
100 1 |a Wilde, Oscar 
700 1 |a Basch, Adela, pról. 
700 1 |a Lancman Ink; il. 
082 0 4 |a 891.628 
653 |a Literatura 
653 |a Literatura irlandesa 
653 |a Cuentos 
653 |a Wilde,oscar-biografía 
859 |a CEMS  |b BIB. CEMS - Inicial y Primaria  |h 891.628  |i W644-1  |k IP  |p 2266  |t Ej.1 
859 |a CEMS  |b BIB. CEMS - 11 de abril  |h 891.628  |i W644-6  |p 22078.03  |t Ej.1